| 000 | 01157nam0a22002771 4500 | ||
|---|---|---|---|
| 001 | v19\rc\1827238 | ||
| 005 | 20260406113833.0 | ||
| 035 | _a(NLR Aleph) 005255085 | ||
| 090 |
_a5843439 _c5843439 |
||
| 100 | _a20071224d1908 |||y0rusy50 ca | ||
| 101 | 0 | _arus | |
| 102 | _aRU | ||
| 105 | _ay z |||a| | ||
| 200 | 1 |
_aСлезы царицы _e(Вост. предание) _eПоэма в стихах _eСюжет заимствован у Мамина-Сибиряка _fР.М. Амиров |
|
| 210 |
_aБаку _cтип. "Труд" (Берладира) _d1908 |
||
| 215 |
_a174 с. _d21 |
||
| 700 | 1 |
_aАмиров _bР.М. _f19 в.- |
|
| 702 | 1 |
_4100 _8rus _7ca _aМамин-Сибиряк _bД. Н. _f1852-1912 _gДмитрий Наркисович _3RU\NLR\AUTH\77149 _9110226 |
|
| 801 | 2 |
_aRU _bNLR _c20091017 _2rusmarc |
|
| 801 | 0 |
_aRU _bNLR _c20071224 _gpsbo |
|
| 801 | 0 |
_aRU _bRuMoRGB _c20071224 _2psbo |
|
| 801 | 1 |
_aRU _bProSoft-M _c20071224 _2rusmarc |
|
| 830 | _aИсточник: А.К. Тарасенков. Русские поэты XX века. 1900-1955: Библиография. М., 1966, с. 15 | ||
| 852 |
_aNLR _jDesideratum |
||
| 942 | _cBOOK | ||
| 980 | _aNB | ||